000 00534cam a22001457a 4500
008 180718b1961 xxu||||| |||| 00| 0 eng d
082 _aJ4x73 H861
100 _aHubbard, Preston J.
245 _aOrigins of the TVA: the Muscle Shoals controversy, 1920-1932
_cby Preston J. Hubbard
260 _aNashville
_bVanderbilt University Press
_c1961
300 _a340p.
650 _aMuscle Shoals (Ala.) --History
650 _aHydroelectric power plants --Alabama --Muscle Shoals --History
650 _aTennessee Valley Authority --History
999 _c368395
_d368395